Shaping India of our dreams / (Record no. 63979)

MARC details
000 -LEADER
fixed length control field 00543nam a22001577a 4500
005 - DATE AND TIME OF LATEST TRANSACTION
control field 2012031204304.0
020 ## - INTERNATIONAL STANDARD BOOK NUMBER
International Standard Book Number 819016421X
Terms of availability 390.00
035 ## - SYSTEM CONTROL NUMBER
System control number B-307231
037 ## - SOURCE OF ACQUISITION
Stock number DPL
Source of stock number/acquisition ENG
100 ## - MAIN ENTRY--PERSONAL NAME
Personal name Agrawal, K.C.
245 ## - TITLE STATEMENT
Title Shaping India of our dreams /
Statement of responsibility, etc by K.C. Agrawal
260 ## - PUBLICATION, DISTRIBUTION, ETC. (IMPRINT)
Place of publication, distribution, etc New Delhi
Name of publisher, distributor, etc Knowledge Books Inc.
Date of publication, distribution, etc 2003
300 ## - PHYSICAL DESCRIPTION
Extent xv, 402p.
Dimensions 20 cms.
942 ## - ADDED ENTRY ELEMENTS (KOHA)
Source of classification or shelving scheme Dewey Decimal Classification
Item type English Books
Classification part 158.1
Call number suffix AGR
Holdings
Withdrawn status Lost status Not for loan Collection code Home library Current library Date acquired Cost, normal purchase price Full call number Barcode Cost, replacement price Koha item type Public note
      Non-fiction Sarojini Nagar Sarojini Nagar 12/03/2012 390.00 158.1 AGR B-307231 390.00 English Books  
      Non-fiction Sarojini Nagar Sarojini Nagar 07/02/2019   158.1 AGR B-084066   English Books Withdran List Prepared L.No.17/20

© Delhi Public Library
Hit Counter
free hit counter